Online
Catalog

Etiopía : (Record no. 6459)

MARC details
000 -CABECERA
campo de control de longitud fija 00505cam a2200157 a 4500
001 - NÚMERO DE CONTROL
campo de control 000006670
005 - FECHA Y HORA DE LA ÚLTIMA TRANSACCIÓN
campo de control 20200929153954.0
008 - DATOS DE LONGITUD FIJA--INFORMACIÓN GENERAL
campo de control de longitud fija 800313s1977 cu a f001 0 spa
040 ## - FUENTE DE LA CATALOGACIÓN
Centro catalogador/agencia de origen DO-SdBNP
Lengua de catalogación spa
Centro/agencia transcriptor BNPHU
082 ## - NÚMERO DE LA CLASIFICACIÓN DECIMAL DEWEY
Número de clasificación 963.06
Número de documento/Ítem V145e
100 1# - ENTRADA PRINCIPAL--NOMBRE DE PERSONA
Nombre de persona Valdés Vivó, Raúl.
9 (RLIN) 18567
245 10 - MENCIÓN DE TÍTULO
Título Etiopía :
Resto del título la revolución desconocida /
Mención de responsabilidad, etc. Raúl Valdés Vivó.
260 ## - PUBLICACIÓN, DISTRIBUCIÓN, ETC.
Lugar de publicación, distribución, etc. La Habana :
Nombre del editor, distribuidor, etc. Ciencias Sociales,
Fecha de publicación, distribución, etc. 1977.
300 ## - DESCRIPCIÓN FÍSICA
Extensión 147 p. :
Otras características físicas il. ;
Dimensiones 19 cm.
651 #4 - PUNTO DE ACCESO ADICIONAL DE MATERIA--NOMBRE GEOGRÁFICO
Nombre geográfico Etiopía
Subdivisión general Historia
Subdivisión cronológica REVOLUCIÓN, 1974.
9 (RLIN) 18568
Holdings
Estado de retiro Estado de pérdida Restricciones de uso No para préstamo Código de colección Localización permanente Ubicación/localización actual Ubicación en estantería Fecha de adquisición Número de inventario Total de préstamos Signatura topográfica completa Código de barras Fecha visto por última vez Precio válido a partir de Tipo de ítem Koha
    Préstamo interno   Monografías: Libros y Folletos General General En catalogación 01.09.2009 LF1   963.06 V145e 6670-10 25.06.2020 25.06.2020 Préstamo interno

Powered by Koha